| 000 | 01288nam a22003737a 4500 | ||
|---|---|---|---|
| 003 | CHAP | ||
| 005 | 20220329140216.0 | ||
| 008 | 971013s1984 r 00010 d | ||
| 010 | _a48589 | ||
| 011 | _a49561 | ||
| 035 | _a53710 | ||
| 040 | _cCHAP | ||
| 090 | _aTesis | ||
| 100 | 0 | 0 |
_aRincón Tuex, Juan Arnoldo. _997457 |
| 245 | _aToleracia a presión osmítica y a marchitamiento permanente en maíz (Zea mays L.) y sorgo (Sorghum bicolor L. Moench) | ||
| 260 |
_aChapingo, Méx. : _bEl autor, _c1984 |
||
| 300 |
_a93 h. _b; gráfs. |
||
| 502 | _aTesis (M. C. Esp. en Genética) -- Colegio de Postgraduados | ||
| 590 |
_aALEPH _b10 _c20130110 _lUCH01 _h1320 |
||
| 590 |
_aBATCH-UPD _b10 _c20130110 _lUCH01 _h1954 |
||
| 590 |
_aBATCH-UPD _b10 _c20130410 _lUCH01 _h1315 |
||
| 590 |
_aBATCH-UPD _b10 _c20130914 _lUCH01 _h1128 |
||
| 590 |
_aCONVERSION _b10 _c20130109 _lUCH01 _h1327 |
||
| 650 | 1 | 4 |
_aCultivos en invernadero. _930376 |
| 650 | 1 | 4 |
_aMaíz _xResistencia a sequía. _971053 |
| 650 | 1 | 4 |
_aMaíz _xVariedades. _971081 |
| 650 | 1 | 4 |
_aMarchitez del maíz. _971285 |
| 650 | 1 | 4 |
_aMarchitez del sorgo. _971287 |
| 650 | 1 | 4 |
_aSorgo _xResistencia al frío. _9108716 |
| 650 | 1 | 4 |
_aSorgo _xVariedades. _9108734 |
| 901 | _aBK | ||
| 942 | _cTESIS | ||
| 949 |
_bBC _cTES _d-118929 _eTS1 _i53710 _si |
||
| 999 |
_c48589 _d48589 |
||